000 00467nam a2200193Ia 4500
008 170918s9999 xx 000 0 und d
020 _a9780316056281
050 _bG543ou 2008
100 _aGladwell, Malcolm
245 _aOutliers :
245 _bthe story of success /
245 _cby Malcolm Gladwell.
260 _aNew York :
260 _bBack bay books,
260 _c2008
300 _a365 pages :
300 _billustrations ;
300 _c17cm.
999 _c343987
_d343987